Reverse Dictionary #47 - Statistics

General Stats
  • This quiz has been taken 51 times
  • The average score is 17 of 25
Answer Stats
Definition First
Letter
Word % Correct
A place or institution for the confinement of persons held against their will in lawful custody or detention, especially (in US usage) a place where people are held for minor offenses or with reference to some future judicial proceeding. J Jail
100%
An elevated landmass smaller than a mountain. H Hill
97%
A defect; something that detracts from perfection. F Fault
92%
One’s own dwelling place; the house or structure in which one lives; especially the house in which one lives with one's family; the habitual abode of one’s family. H Home
92%
A male monarch; a man who heads a monarchy. K King
92%
Moving pedestrians or vehicles, or the flux or passage thereof. T Traffic
90%
A brief, small (sometimes involuntary) movement out of place and then back again; a spasm. T Twitch
85%
A person with long experience of a particular activity. V Veteran
85%
(geology) A large body of ice which flows under its own mass, usually downhill. G Glacier
82%
More than half (50%) of some group. M Majority
82%
(politics, government) The sudden overthrow of a government, differing from a revolution by being carried out by a small group of people who replace only the leading figures. C Coup
74%
Loss of hope; utter hopelessness; complete despondency. D Despair
74%
A contractile form of tissue which animals use to effect movement. M Muscle
74%
An infraction or a failure to follow a rule. V Violation
74%
Made up of multiple parts; composite; not simple. C Complex
72%
A hollow form or matrix for shaping a fluid or plastic substance. M Mold
69%
The set of courses, coursework, and their content, offered at a school or university. C Curriculum
62%
The end for which something is done, is made or exists. P Purpose
62%
(government) The formal or informal system of primary principles and laws that regulates a government or other institutions. C Constitution
54%
(figuratively) To weaken or work against; to hinder, sabotage. U Undermine
54%
Extending far down from the top, or surface, to the bottom, literally or figuratively. D Deep
46%
A long, straight, thick wooden rod or stick, especially one used to assist in walking. S Staff
38%
A sloping passage or incline. D Descent
13%
To punish someone in order to (re)gain control. D Discipline
13%
Ordinary, common or commonplace. C Conventional
5%
No matching quizzes found
Score Distribution
Percent of People with Each Score
Percentile by Number Answered
Your Score History
You have not taken this quiz